Statistiques concernant Invité Zack En Roue Libre

Cliquez ici pour prendre le quiz!

Statistiques générales

  • Ce quiz a été pris 159 fois
  • Le résultat moyen est 18 sur 130

Statistiques - réponses

PassagesRéponse% Correct
1Karim Benzema
79%
2Gotaga
66%
3Domingo
59%
1Amine
53%
1Cyprien
49%
1Ultia
49%
2Kameto
48%
1Mister V
47%
2Pfut
46%
2Doigby
45%
1Ponce
44%
1Zerator
42%
1YassEncore
38%
1RebeuDeter
37%
1Amixem
35%
1Inoxtag
35%
1JDG
33%
2Joel
33%
1Jiraya
32%
1Maxime Biaggi
31%
2Zack
31%
1MisterMV
30%
1Kotei
27%
2Sardoche
26%
1Djilsi
25%
1Etoiles
25%
1Xari
24%
1Lebouseuh
22%
1Avamind
21%
1Brawks
21%
1Bruce Grannec
21%
1Rivenzi
21%
1Feldup
19%
1Tomy
18%
1Cedric Bakambu
17%
2Chips
17%
1Jeel
17%
2Noi
17%
1SEB
17%
1Apex
16%
1Bob Lennon
16%
1Ciryl
15%
1Karnage
15%
1Little Big Whale
15%
1Alderiate
13%
1Amaru
13%
1Maxildan
13%
1KennyS
12%
1Skyyart
12%
1Brak
10%
1Depielo
10%
1Gurky
10%
1Laink et Terracid
10%
1Marie Palot
10%
1Raska
10%
1Sakor
10%
1Skyrozz
10%
1Trayton
10%
1Narkuss
9%
1Neo
9%
1Temperrr
9%
1Amaury
8%
1Ciryl Gane
8%
1CODJordan
8%
1Glutonny
8%
1Lowan
8%
1Akytio
7%
1Aypierre
7%
1Crimsix
7%
1Hugo Délire
7%
1Kaydop
7%
1SDM
7%
1Wiloo
7%
1Zouloux
7%
1Zywoo
7%
1Alphacast
6%
1CaminoTV
6%
1Carbon
6%
1HitTheRoad
6%
1Malek
6%
1Manuel Ferrara
6%
1MrLv12
6%
1Nikof
6%
1Nisqy
6%
1Rhobalas
6%
1The Kairi78
6%
1Trinity
6%
1Wartek
6%
1Lutti
5%
1Poisson Fécond
5%
1Xavier Oswald
5%
1Aiekillu
4%
1Capitaine Roshi
4%
1EnjoyPhoenix
4%
1Julien Chieze
4%
1Mehdi Maizi
4%
1Morgan
4%
1TrashTalk
4%
1DrNozman
3%
1HECZ
3%
1Kalash
3%
1Shaunz
3%
1Zuukou Mayzie
3%
1Bapt
2%
1Broken
2%
1Doc Seven
2%
1DrFeelGood
2%
1Gael
2%
1Hugo Décrypte
2%
1Jean Massiet
2%
1Julien Febrau
2%
1KennyStream
2%
1Le Motif
2%
1Mammytwink
2%
1Pierre Lapin
2%
1Prince
2%
1Rivaol
2%
1Sebastien Abdelhamid
2%
1Sheshounet
2%
1Emma Cakecup
1%
1Ken Bogart
1%
2Laure Bulii
1%
1Léo Duff
1%
1Luciole
1%
1Mathsefaitdesfilms
1%
1Vinsky
1%
1Zaboutine
1%
1Chasseur de Raies
0%
1Hippo
0%
1Seas
0%

Distribution des résultats

Percentile par nombre de réponses

% des personnes avec chaque résultat

Votre développement - résultats

Vous n’avez pas pris ce quiz